| 000 | 00746nam a2200205 a 4500 | ||
|---|---|---|---|
| 001 | 001098902 | ||
| 003 | AM-YeHGA | ||
| 005 | 20250617161844.0 | ||
| 008 | 150831s1950 ru r 000 0 rus d | ||
| 040 | _aAM-YeHGA | ||
| 041 | 0 | _arus | |
| 100 | 1 | _aГогель, Федор Владимирович | |
| 245 | 0 | 0 |
_aКовры / _cФ. В. Гогель. |
| 260 |
_aМосква : _bизд-во и 2-я тип. Гос. изд. архитектуры и градостроительства, _c1950. |
||
| 300 |
_a103 с текста : _b108 с. ил ; _c23 см. |
||
| 504 | _aБиблиогр.: с. 205 | ||
| 600 | 1 | 4 |
_aГогель, Федор Владимирович _d(1879–1951) |
| 650 | 1 | 4 | _aБиблиогр.: с. 205 |
| 090 | _c481869 | ||
| 999 |
_c478530 _d478530 |
||